Capitals - Statistics

General Stats
  • This quiz has been taken 15 times
  • The average score is 25 of 31
Answer Stats
Country Capital % Correct
Germany Berlin
100%
Spain Madrid
100%
Russia Moscow
100%
France Paris
100%
Italy Rome
100%
Japan Tokyo
100%
USA Washington D.C.
100%
Turkiye Ankara
91%
Greece Athens
91%
Brazil Brasilia
91%
Egypt Cairo
91%
Australia Canberra
91%
Ireland Dublin
91%
Ukraine Kyiv
91%
Portugal Lisbon
91%
Canada Ottawa
91%
South Korea Seoul
91%
Thailand Bangkok
82%
Colombia Bogota
82%
Malaysia Kuala Lumpur
82%
North Korea Pyongyang
82%
Albania Tirana
82%
Serbia Belgrade
73%
Iceland Reykjavik
73%
Iran Tehran
73%
Malta Valletta
73%
UAE Abu Dhabi
55%
Liechtenstein Vaduz
55%
DRC Kinshasa
45%
North Macedonia Skopje
45%
Brunei Bandar Seri Begawan
27%
No matching quizzes found
Score Distribution
Percent of People with Each Score
Percentile by Number Answered
Your Score History
You have not taken this quiz